[Event "COL-ch sf"]
[Site "Medellin"]
[Date "2014.??.??"]
[Round "10"]
[White "Serna Escobar, Gustavo Dario"]
[Black "Botello, Gregory Paul"]
[Result "0-1"]
[WhiteElo "1762"]
[BlackElo "1961"]
[PlyCount "48"]
[EventDate "2014.04.15"]
[EventType "swiss"]
[EventRounds "11"]
[EventCountry "COL"]
[SourceTitle "CBM 160 Extra"]
[Source "ChessBase"]
[SourceDate "2014.07.01"]
[SourceVersion "1"]
[SourceVersionDate "2014.07.01"]
[SourceQuality "1"]

1. d4 d5 2. c4 c6 3. Nf3 Nf6 4. e3 e6 5. Nc3 Bd6 6. Be2 0-0 7. 0-0 Re8 8. Bd2 Nbd7 9. a3 a6 10. Rc1 dxc4 11. Bxc4 b5 12. Be2 c5 13. dxc5 Nxc5 14. Qe1 Bb7 15. h3 Rc8 16. b4 Bxf3 17. gxf3 Nb3 18. Rd1 Qc7 19. Kg2 Nxd2 20. Qxd2 Qxc3 21. Qxd6 Qxa3 22. Ra1 Qb2 23. Rfe1 Rc2 24. Kf1 Rxe2 0-1

[Event "COL-ch"]
[Site "Ibague"]
[Date "2013.07.07"]
[Round "11"]
[White "Botello, Gregory Paul"]
[Black "Ardila, Oscar Humberto"]
[Result "0-1"]
[WhiteElo "1940"]
[BlackElo "2077"]
[PlyCount "86"]
[EventDate "2013.07.01"]
[EventType "swiss"]
[EventRounds "11"]
[EventCountry "COL"]
[SourceTitle "EXT 2014"]
[Source "ChessBase"]
[SourceDate "2013.11.20"]
[SourceVersion "1"]
[SourceVersionDate "2013.11.20"]
[SourceQuality "1"]

1. d4 Nf6 2. c4 e6 3. Nf3 Bb4+ 4. Bd2 Be7 5. e3 0-0 6. Bd3 d5 7. 0-0 b6 8. Nc3 Ba6 9. b3 Bb7 10. Re1 Ne4 11. Qc2 f5 12. Rac1 Nd7 13. Red1 c6 14. Be1 Bd6 15. cxd5 exd5 16. Ne2 Qf6 17. Ng3 Rac8 18. Qe2 Rce8 19. Qc2 g5 20. Nd2 Qh6 21. Ndf1 Ndf6 22. Nxf5 Qh5 23. Nxd6 Nxd6 24. Bb4 Rd8 25. Be2 Qh6 26. Ng3 Nfe8 27. e4 dxe4 28. Nxe4 Qh4 29. Ng3 Rf6 30. Bc4+ Nxc4 31. Qxc4+ Rf7 32. Bc3 Nc7 33. Qe2 Re8 34. Qd3 Nd5 35. Re1 Ref8 36. Qe4 Rxf2 37. Re2 Qxe4 38. Rxe4 Rxa2 39. Be1 Nf4 40. Re7 Ba8 41. d5 Nxd5 42. Re5 h6 43. Nh5 c5 0-1

[Event "COL-ch"]
[Site "Ibague"]
[Date "2013.07.02"]
[Round "3"]
[White "Contreras, Henry"]
[Black "Botello, Gregory Paul"]
[Result "1-0"]
[WhiteElo "2230"]
[BlackElo "1940"]
[PlyCount "102"]
[EventDate "2013.07.01"]
[EventType "swiss"]
[EventRounds "11"]
[EventCountry "COL"]
[SourceTitle "EXT 2014"]
[Source "ChessBase"]
[SourceDate "2013.11.20"]
[SourceVersion "1"]
[SourceVersionDate "2013.11.20"]
[SourceQuality "1"]

1. e4 e5 2. Nf3 Nc6 3. Bc4 Bc5 4. d3 Nf6 5. Be3 Bb6 6. Nbd2 d6 7. c3 0-0 8. Bb3 Be6 9. Nf1 Bxb3 10. axb3 d5 11. Bg5 dxe4 12. Bxf6 Qxf6 13. dxe4 Rad8 14. Qe2 Qe6 15. N1d2 Rd7 16. 0-0 Rfd8 17. Nc4 f6 18. Rfd1 Qe7 19. g3 Qc5 20. Ne3 Ne7 21. Kf1 Qc6 22. Rxd7 Rxd7 23. Qc4+ Qxc4+ 24. Nxc4 Nc6 25. b4 a6 26. Ke2 Kf7 27. Nfd2 Ke6 28. Nb3 f5 29. f3 fxe4 30. fxe4 Rf7 31. Rf1 Rxf1 32. Kxf1 Nd8 33. Ke2 Nf7 34. Nbd2 Nd6 35. Nxd6 cxd6 36. Kd3 h6 37. Nf3 g5 38. g4 Bd8 39. c4 b6 40. h3 Kd7 41. Nd2 Be7 42. Kc3 Kc7 43. Nf1 Kd7 44. Ne3 Kc6 45. Nd5 Bd8 46. Kd3 Kd7 47. b5 axb5 48. cxb5 Ke8 49. Ne3 Be7 50. Kc4 Kd7 51. Kd5 Bd8 1-0

[Event "Duitama op 9th"]
[Site "Duitama"]
[Date "2013.01.06"]
[Round "5"]
[White "Perez, Eusebio"]
[Black "Botello, Gregory Paul"]
[Result "0-1"]
[WhiteElo "1615"]
[BlackElo "1934"]
[PlyCount "130"]
[EventDate "2013.01.03"]
[EventType "swiss"]
[EventRounds "7"]
[EventCountry "COL"]
[SourceTitle "CBM 152 Extra"]
[Source "ChessBase"]
[SourceDate "2013.02.25"]
[SourceVersion "1"]
[SourceVersionDate "2013.02.25"]
[SourceQuality "1"]

1. e4 e5 2. Nf3 Nc6 3. Nc3 Nf6 4. Bb5 d6 5. h3 Be7 6. d4 exd4 7. Nxd4 Bd7 8. Nxc6 bxc6 9. Bd3 0-0 10. 0-0 h6 11. Ne2 Qc8 12. Kh2 c5 13. Ng3 Qb7 14. Qe2 Rfe8 15. b3 a6 16. c4 a5 17. Bc2 a4 18. Rb1 Qa6 19. Qd3 Rad8 20. Bb2 g6 21. f4 axb3 22. axb3 Bc6 23. Qc3 Qb7 24. f5 Rf8 25. Rf2 Qb4 26. Qe3 g5 27. e5 dxe5 28. Bc3 Qb6 29. Bxe5 Rde8 30. Qc3 Ba8 31. Ra1 Rd8 32. Re1 Rd4 33. Qa1 Bd6 34. Bxf6 Bxg3+ 35. Kxg3 Qxf6 36. Kh2 Rfd8 37. Kg1 Kg7 38. Qa5 Qd6 39. f6+ Kg8 40. Rfe2 Bc6 41. Rf1 Rd2 42. Rff2 Rxe2 43. Rxe2 Qd4+ 44. Rf2 Rd6 45. Qxc7 Rxf6 46. Qg3 Kg7 47. h4 Qxf2+ 48. Qxf2 Rxf2 49. Kxf2 gxh4 50. Bd1 Kf6 51. Bh5 Be4 52. Bd1 Ke5 53. g4 Kf4 54. Be2 Bc2 55. b4 cxb4 56. c5 Ke5 57. Bc4 b3 58. c6 Kd6 59. Kg2 b2 60. Ba2 b1Q 61. Bxb1 Bxb1 62. Kh3 Kxc6 63. Kxh4 Bg6 64. Kg3 Kd5 65. Kf4 Kd4 0-1

[Event "Pamplona Sub zt 2.3"]
[Site "Pamplona"]
[Date "2012.11.07"]
[Round "6"]
[White "Arismendi Polanco, Efrain Steven"]
[Black "Botello, Gregory Paul"]
[Result "1-0"]
[WhiteElo "1760"]
[BlackElo "1980"]
[PlyCount "59"]
[EventDate "2012.11.05"]
[EventType "swiss"]
[EventRounds "9"]
[EventCountry "COL"]
[SourceTitle "EXT 2013"]
[Source "ChessBase"]
[SourceDate "2012.11.22"]
[SourceVersion "1"]
[SourceVersionDate "2012.11.22"]
[SourceQuality "1"]

1. e4 e5 2. Nf3 Nc6 3. Bc4 Bc5 4. c3 Nf6 5. d4 exd4 6. cxd4 Bb4+ 7. Bd2 Bxd2+ 8. Nbxd2 d5 9. exd5 Nxd5 10. Qb3 Na5 11. Qa4+ c6 12. Qa3 Qe7+ 13. Qxe7+ Nxe7 14. Bd3 b6 15. 0-0 0-0 16. Rfe1 Re8 17. Rac1 Kf8 18. b4 Nb7 19. Ne5 Nd8 20. Be4 Be6 21. a3 Rc8 22. Re3 f6 23. Nec4 Nd5 24. Ree1 Nb7 25. Bxh7 f5 26. Ne5 c5 27. dxc5 bxc5 28. Ndf3 cxb4 29. Ng5 Rxc1 30. Ng6# 1-0

[Event "Pamplona Sub zt 2.3"]
[Site "Pamplona"]
[Date "2012.11.07"]
[Round "5"]
[White "Botello, Gregory Paul"]
[Black "Mendez, Wilford"]
[Result "1/2-1/2"]
[WhiteElo "1980"]
[BlackElo "1894"]
[PlyCount "53"]
[EventDate "2012.11.05"]
[EventType "swiss"]
[EventRounds "9"]
[EventCountry "COL"]
[SourceTitle "EXT 2013"]
[Source "ChessBase"]
[SourceDate "2012.11.22"]
[SourceVersion "1"]
[SourceVersionDate "2012.11.22"]
[SourceQuality "1"]

1. e4 c5 2. Nf3 d6 3. d4 cxd4 4. Nxd4 Nf6 5. Nc3 g6 6. Be3 Bg7 7. Be2 Nc6 8. Qd2 0-0 9. 0-0 Bd7 10. h3 Nxd4 11. Bxd4 Bc6 12. Bf3 Qa5 13. Rad1 Rfd8 14. Bxf6 exf6 15. b3 Rac8 16. Nd5 Qxd2 17. Rxd2 Bxd5 18. exd5 Rc3 19. Be4 Re8 20. Bd3 Re5 21. Bc4 f5 22. f4 Re4 23. Kh2 h5 24. g3 Bh6 25. h4 Bg7 26. Rff2 Bd4 27. Rfe2 1/2-1/2

[Event "Pamplona Sub zt 2.3"]
[Site "Pamplona"]
[Date "2012.11.06"]
[Round "4"]
[White "Sierra Fonseca, Edwin Andres"]
[Black "Botello, Gregory Paul"]
[Result "1-0"]
[WhiteElo "2136"]
[BlackElo "1980"]
[PlyCount "59"]
[EventDate "2012.11.05"]
[EventType "swiss"]
[EventRounds "9"]
[EventCountry "COL"]
[SourceTitle "EXT 2013"]
[Source "ChessBase"]
[SourceDate "2012.11.22"]
[SourceVersion "1"]
[SourceVersionDate "2012.11.22"]
[SourceQuality "1"]

1. e4 e5 2. Nf3 Nc6 3. Bb5 a6 4. Ba4 Nf6 5. Qe2 b5 6. Bb3 Be7 7. c3 0-0 8. 0-0 d6 9. h3 Re8 10. d4 h6 11. dxe5 dxe5 12. Rd1 Bd7 13. a4 Na5 14. Bxf7+ Kxf7 15. Nxe5+ Kg8 16. axb5 axb5 17. Nxd7 Nxd7 18. Qxb5 c6 19. Qf5 Ra7 20. Be3 c5 21. b4 Qc7 22. Rxa5 Nf6 23. Rxa7 Qxa7 24. e5 Qa4 25. Rc1 Nd7 26. Nd2 cxb4 27. cxb4 Bxb4 28. Nf3 Bf8 29. Bxh6 Nxe5 30. Nxe5 1-0